00311nam a2200133Ia 4500008004100000082001900041100001600060245002300076250000600099260001800105300000800123630002300131730002300154100122s9999 xx 000 0 und d b59822aB823.08 aBLYTON ENID aSEVEN OCLOCK TALES a0 bMAMMOTHc1997 a173 aSEVEN OCLOCK TALES aSEVEN OCLOCK TALES